000 00613nam a2200169 i 4500
001 162974
003 ES-MaACL
005 20230906212635.0
008 050706s1879 gw | |||||||| ||ger d
040 _aCAM
_bspa
_cCAM
100 1 _aRath, G. vom.
_9131618
245 1 0 _aNaturwissenschaftliche Studien
_b: Erinnerungen an die Pariser Weltausstellung 1878 (sections étrangères) /
_cvon G. vom Rath.
260 _aBonn :
_bMax Cohen & Sohn,
_c1879 (
_fUniversitäts-Buchdruckerei von Carl Georgi)
300 _aXIV, 442 p. ;
_c20 cm.
752 _aAlemania -
_dBonn
852 _aES-MaACL
_jB-7098
_z-- Enc. hol.
999 _c162974
_d162974